Institutions.
Definícia inštitúcií. Historické typy inštitúcií. Obchodné inštitúcie. Kapitálové trhy. Obchodný výmenný systém. Fungovanie a vývoj inštitúcií. Inštitucionálny vývoj v ranej Európe 11.-16. storočia.
Gespeichert in:
| 1. Verfasser: | |
|---|---|
| Format: | Buchkapitel |
| Sprache: | Englisch |
| Schlagworte: | |
| Tags: |
Keine Tags, Fügen Sie das erste Tag hinzu!
|
MARC
| LEADER | 00000naa a2200000 4500 | ||
|---|---|---|---|
| 001 | r004094 | ||
| 005 | 20221213084223.5 | ||
| 041 | 0 | |a eng | |
| 044 | |a US | ||
| 245 | 1 | 0 | |a Institutions. |c D.C. North |
| 520 | |a Definícia inštitúcií. Historické typy inštitúcií. Obchodné inštitúcie. Kapitálové trhy. Obchodný výmenný systém. Fungovanie a vývoj inštitúcií. Inštitucionálny vývoj v ranej Európe 11.-16. storočia. | ||
| 610 | 2 | 0 | |a inštitúcia |
| 610 | 2 | 0 | |a trh kapitálový |
| 610 | 2 | 0 | |a dejiny hospodárske |
| 610 | 2 | 0 | |a Európa |
| 100 | 1 | |a North, D.C. | |